| 000 | 00433nam a2200181Ia 4500 | ||
|---|---|---|---|
| 001 | 20382 | ||
| 005 | 20260306172802.0 | ||
| 008 | 260306t2009||||xx |||||||||||||| ||spa|| | ||
| 041 | _aESP | ||
| 082 |
_a343.2C13 _bCH517 |
||
| 100 |
_aOrbe, Raúl Chanamé _eAUT |
||
| 245 | 0 | _aComentarios a la constitución | |
| 260 | _c2009 | ||
| 300 |
_a734 páginas : _c24 cm. |
||
| 650 | _aGEN | ||
| 654 | _aCDE | ||
| 942 |
_cLIB _dJUS _fJUS _2ddc _n |
||
| 999 |
_c20382 _d20382 |
||